| 000 | 00568nam a2200181 i 4500 | ||
|---|---|---|---|
| 001 | 103846 | ||
| 003 | ES-MaACL | ||
| 005 | 20230906183445.0 | ||
| 007 | t| | ||
| 008 | 051118s1960 sp ||||1| spa d | ||
| 100 | 1 |
_aMerrien, Jean. _980597 |
|
| 245 | 1 | 0 |
_aManual de navegación deportiva a vela / _cpor Jean Merrien; traducción por José María Sigalés Pueyo. |
| 250 | _a[1ª ed.]. | ||
| 260 |
_aBarcelona : _bGarriga, _c1960. |
||
| 300 |
_a256 p. : _bil. ; _c21 cm. |
||
| 700 | 1 |
_aSigalés Pueyo, José María. _9106301 |
|
| 852 |
_aES-MaACL _jC-17244 _bR.45659 |
||
| 999 |
_c103846 _d103846 |
||